| 000 | 00699nam a2200181 4500 | ||
|---|---|---|---|
| 999 |
_c7429 _d7429 |
||
| 008 | 170912b xxu||||| |||| 00| 0 eng d | ||
| 022 | _a00014826 | ||
| 082 | _aDPer 657.05 Ac27 May 2016 v. 91, n. 3 | ||
| 100 |
_922508 _aBaldenius, Tim. |
||
| 245 |
_aManagerial performance evaluation and real options/ _cTim Baldenius, Nezlobin, Alexander A.,and Vaysman, Igor. |
||
| 260 |
_aSarasota, Florida: _bAmerican, Accounting Association, _c©2016. |
||
| 300 |
_av91 n3, pages 741-766: _billustrations; _c28 cm. |
||
| 500 | _aThe accounting review. | ||
| 650 | 0 |
_922511 _aAuditing. |
|
| 700 |
_922509 _aNezlobin, Alexander A. _eAuthor. |
||
| 700 |
_922510 _aVaysman, Igor. _eAuthor. |
||
| 942 |
_2ddc _cPER |
||